Văn học phân tích toàn thư
Sách cung cấp kiến thức bổ ích, khả năng cảm thụ văn học qua việc bình giảng các tác phẩm cổ điển và cận đại trong văn học Việt Nam.
Zapisane w:
| 1. autor: | |
|---|---|
| Format: | Książka |
| Język: | Undetermined |
| Wydane: |
Hà Nội
Văn Học
1999
|
| Hasła przedmiotowe: | |
| Etykiety: |
Dodaj etykietę
Nie ma etykietki, Dołącz pierwszą etykiete!
|
| Thư viện lưu trữ: | Trung tâm Học liệu Trường Đại học Cần Thơ |
|---|
| LEADER | 00847nam a2200229Ia 4500 | ||
|---|---|---|---|
| 001 | CTU_35921 | ||
| 008 | 210402s9999 xx 000 0 und d | ||
| 020 | |b 42.000đ | ||
| 020 | |c 42000 | ||
| 082 | |a 809 | ||
| 082 | |b Gi100 | ||
| 100 | |a Thạch, Trung Giả | ||
| 245 | 0 | |a Văn học phân tích toàn thư | |
| 245 | 0 | |c Thạch Trung Giả | |
| 260 | |a Hà Nội | ||
| 260 | |b Văn Học | ||
| 260 | |c 1999 | ||
| 520 | |a Sách cung cấp kiến thức bổ ích, khả năng cảm thụ văn học qua việc bình giảng các tác phẩm cổ điển và cận đại trong văn học Việt Nam. | ||
| 650 | |a Vietnamese literature | ||
| 650 | |x History and criticism | ||
| 904 | |i Minh (sửa số pl 809/Th102 thành 809/Gi100) | ||
| 980 | |a Trung tâm Học liệu Trường Đại học Cần Thơ | ||